Sociology Of India (Record no. 16389)

MARC details
000 -LEADER
fixed length control field 00505nam a22001937a 4500
008 - FIXED-LENGTH DATA ELEMENTS--GENERAL INFORMATION
fixed length control field 260420b |||||||| |||| 00| 0 eng d
020 ## - INTERNATIONAL STANDARD BOOK NUMBER
International Standard Book Number 9789358494242
Price 350.00
040 ## - CATALOGING SOURCE
Original Cataloguing agency Sibsagar Commerce College Central Library
041 ## - LANGUAGE CODE
Language code of text/sound track or separate title English
082 ## - DEWEY DECIMAL CLASSIFICATION NUMBER
Classification number 301.09
Book Number BHU
100 ## - MAIN ENTRY--PERSONAL NAME
Personal name Bhuyan, Dilip Kumar.
Dates associated with a name Bordoloi, Moushumi.
245 ## - TITLE STATEMENT
Title Sociology Of India
Statement of responsibility, etc. By Dilip Kumar Bhuyan.
250 ## - EDITION STATEMENT
Edition statement 1st ed.
260 ## - PUBLICATION, DISTRIBUTION, ETC.
Place of publication, distribution, etc. Dibrugarh:
Name of publisher, distributor, etc. Banalata;
Date of publication, distribution, etc. 2024.
300 ## - PHYSICAL DESCRIPTION
Pages 296p.
650 ## - Subject
Subject Sociology
942 ## - ADDED ENTRY ELEMENTS (KOHA)
Source of classification or shelving scheme Dewey Decimal Classification
Koha item type Books
Holdings
Withdrawn status Lost status Source of classification or shelving scheme Damaged status Not for loan Collection code Home library Current library Shelving location Date acquired Source of acquisition Total Checkouts Full call number Barcode Date last seen Copy number Cost, replacement price Price effective from Koha item type
    Dewey Decimal Classification     Sociology Sibsagar Commerce College Central Library Sibsagar Commerce College Central Library General Stacks 20/04/2026 Kitap Ghar   301.09 BHU 29295 20/04/2026 1 700.00 20/04/2026 Books
    Dewey Decimal Classification     Sociology Sibsagar Commerce College Central Library Sibsagar Commerce College Central Library General Stacks 20/04/2026 Kitap Ghar   301.09 BHU 29296 20/04/2026 2 700.00 20/04/2026 Books


Sibsagar Commerce College © 2020. All rights reserved.
Powered by Koha.
Hosted by LIBKART.